000 00290nam a22001337a 4500
008 170714b xxu||||| |||| 00| 0 eng d
020 _a9780760783375
041 _aeng
080 _a17
100 _a24
101 _aFIL
245 _aSOLUTION AND ETHICS
_cHUXLEY, TH.H
942 _2udc
_cBK
999 _c20880
_d20880